000 00786cab a2200253 4500
001 ABS52121
008 090401t1995 xxu||||| |||| 00| 0 eng d
035 _a(Sirsi) u62116
041 _aeng
100 _aCastorina, G.
245 _aHighways and development
260 _c1995
350 _a0
490 _aEstates Gazette
_v(1995) 03 EG 113-115(3)
520 _aExplains the statutory powers relating to the stopping-up and diversion of highways and considers the relative merits of the procedures available to developers.
650 _aDIVERSION
650 _aHIGHWAYS ACT 1980
650 _aHIGHWAYS
650 _aSTOPPING UP
650 _aTOWN AND COUNTRY PLANNING ACT 1990
690 _aHIGHWAYS RIGHTS OF WAY AND EASEMENTS
942 _n0
948 _c04/03/1997
999 _c38579
_d38579